Traversing the Valley of Death. (Record no. 351325)
[ view plain ]
| 000 -LEADER | |
|---|---|
| fixed length control field | 00706nam a22002537a 4500 |
| 003 - CONTROL NUMBER IDENTIFIER | |
| control field | OSt |
| 005 - DATE AND TIME OF LATEST TRANSACTION | |
| control field | 20180116183043.0 |
| 008 - FIXED-LENGTH DATA ELEMENTS--GENERAL INFORMATION | |
| fixed length control field | 160303b xxu||||| |||| 00| 0 eng d |
| 020 ## - INTERNATIONAL STANDARD BOOK NUMBER | |
| International Standard Book Number | 9780990985303 |
| 022 ## - INTERNATIONAL STANDARD SERIAL NUMBER | |
| International Standard Serial Number | 9780990985303 |
| 040 ## - CATALOGING SOURCE | |
| Transcribing agency | 0 |
| 050 ## - LIBRARY OF CONGRESS CALL NUMBER | |
| Classification number | 658 |
| 082 ## - DEWEY DECIMAL CLASSIFICATION NUMBER | |
| Classification number | 658 MAR 2015 |
| 100 ## - MAIN ENTRY--PERSONAL NAME | |
| Personal name | Markham,Stephen K. |
| 245 ## - TITLE STATEMENT | |
| Title | Traversing the Valley of Death. |
| Remainder of title | A Practical guide for corporate innovation leaders. |
| Statement of responsibility, etc. | Stephen K.Markham |
| 250 ## - EDITION STATEMENT | |
| Edition statement | 1st. |
| 260 ## - PUBLICATION, DISTRIBUTION, ETC. | |
| Place of publication, distribution, etc. | America |
| Name of publisher, distributor, etc. | Robert B.Tucker |
| Date of publication, distribution, etc. | 2015. |
| 300 ## - PHYSICAL DESCRIPTION | |
| Extent | 178p. |
| Other physical details | HB |
| 440 ## - SERIES STATEMENT/ADDED ENTRY--TITLE | |
| Title | Traversing the Valley of Death. |
| 500 ## - GENERAL NOTE | |
| General note | Hard Cover |
| 600 ## - SUBJECT ADDED ENTRY--PERSONAL NAME | |
| Personal name | Markham,Stephen K. |
| 700 ## - ADDED ENTRY--PERSONAL NAME | |
| Personal name | Markham,Stephen K. |
| 942 ## - ADDED ENTRY ELEMENTS (KOHA) | |
| Source of classification or shelving scheme | |
| Koha item type | Book |
| Call number prefix | 658 |
| Withdrawn status | Lost status | Source of classification or shelving scheme | Damaged status | Not for loan | Collection code | Permanent Location | Current Location | Shelving location | Date acquired | Total Checkouts | Full call number | Barcode | Date last seen | Date last checked out | Price effective from | Koha item type |
|---|---|---|---|---|---|---|---|---|---|---|---|---|---|---|---|---|
| Central Library (CL) | Central Library (CL) | General Stacks | 03/03/2016 | 3 | 658 MAR 2015 | NBSP-383 | 06/12/2017 | 11/08/2016 | 03/03/2016 | Book | ||||||
| Central Library (CL) | Central Library (CL) | General Stacks | 03/03/2016 | 2 | 658 MAR 2015 | NBSP-384 | 06/01/2016 | 03/11/2016 | 03/03/2016 | Book | ||||||
| Central Library (CL) | Central Library (CL) | General Stacks | 03/03/2016 | 5 | 658 MAR 2015 | NBSP-385 | 07/03/2024 | 10/11/2018 | 03/03/2016 | Book | ||||||
| Central Library (CL) | Central Library (CL) | General Stacks | 03/03/2016 | 4 | 658 MAR 2015 | NBSP-386 | 06/20/2016 | 05/27/2016 | 03/03/2016 | Book | ||||||
| Central Library (CL) | Central Library (CL) | General Stacks | 03/03/2016 | 1 | 658 MAR 2015 | NBSP-387 | 03/03/2016 | 03/03/2016 | 03/03/2016 | Book |
